| 000 | 00841nam a22002897a 4500 | ||
|---|---|---|---|
| 003 | CHAP | ||
| 005 | 20220329135125.0 | ||
| 008 | 971013s1984 mx a r 00010 spa d | ||
| 010 | _a31296 | ||
| 011 | _a32268 | ||
| 035 | _a36381 | ||
| 040 | _cCHAP | ||
| 082 | 0 | 4 |
_a574.192 _bM34Y 1983 |
| 100 | 0 | 0 |
_aMartín, David W. _971725 |
| 245 | 1 | _aBioquímica de Harper | |
| 250 | _a19 ed. | ||
| 260 |
_aMéxico, D.F. : _bEl Manual moderno, _c1984 |
||
| 300 |
_a660 p. _b: ilus |
||
| 590 |
_aBATCH-UPD _b10 _c20130110 _lUCH01 _h2045 |
||
| 590 |
_aBATCH-UPD _b10 _c20130410 _lUCH01 _h1359 |
||
| 590 |
_aBATCH-UPD _b10 _c20130914 _lUCH01 _h0643 |
||
| 590 |
_aCONVERSION _b10 _c20130109 _lUCH01 _h1318 |
||
| 650 | 1 | 4 |
_aBioquímica. _912849 |
| 901 | _aBK | ||
| 942 | _cLIBRO | ||
| 949 |
_a574.192 M34Y 1983 _bBC _cLIBRO _d33724002062793 _eLIBRO _h8151 _i36381 _si |
||
| 999 |
_c31296 _d31296 |
||